000 01048nam a2200217Ia 4500
003 Ost
005 20260507075544.0
008 260507s9999||||xx |||||||||||||| ||und||
040 _cfsecg
041 _aara
082 _a350
100 _aعقيلي، عمر وصفي
_eمؤلف
245 0 _aالإدارة :
_bأصول وأسس ومفاهيم /
_c عمر وصفي عقيلي
250 _aطبعة 2(مزيدة ومنقحة)
260 _aعمان:
_bدار زهران للنشر والتوزيع,
_c2007
300 _a484 صفحة؛
_bإيضاحات ؛
_c24 سم
504 _aبيبليوغرافيا: ص ص.481-484
520 _aيضم مدخل إلى الإدارة، تطور الفكر الإداري، المبادئ العامة في الإدارة وتصنيفها، مدارس الفكر الإداري، وظيفة التخطيط، اتخاذ القرارات الإدارية، وظيفة التنظيم الإداري، وظيفة التوجيه، وظيفة الرقابة.
653 _aالإدارة
942 _cكتاب
999 _c44880
_d44880